|
|
|
|
| LEADER |
00000nab a2200000 a 4500 |
| 001 |
vtls000208088 |
| 003 |
SK-MaSNL |
| 005 |
20260318124820.0 |
| 008 |
111202c1984 xo 0 eng |
| 015 |
|
|
|a SNBRA19rr/mm-uuuuu
|
| 035 |
|
|
|a CL0218201
|
| 040 |
|
|
|a SNKBUCL
|b slo
|c SNKBUCL
|e AACR2
|
| 041 |
0 |
|
|a eng
|
| 044 |
|
|
|a xo
|c SK
|
| 080 |
|
|
|a 517.9
|2 1981
|
| 100 |
1 |
|
|a Hrubinová, Anna
|4 aut
|9 923037
|
| 245 |
1 |
0 |
|a Asymptotic Properties of Oscillatory Solutions of n-th Order Differential Equations with Delayed Argument
|c Anna Hrubinová, Vincent Šoltés
|
| 300 |
|
|
|b Res. slov., rus., angl., lit. 3 zázn. v angl.
|
| 650 |
0 |
7 |
|a diferenciálne rovnice
|2 snkbucl
|9 63334
|
| 655 |
|
7 |
|a články zo zborníkov
|2 snkbucl
|9 166140
|
| 700 |
1 |
|
|a Šoltés, Vincent,
|d 1949-
|4 aut
|9 85946
|
| 773 |
0 |
|
|t Zborník vedeckých prác Vysokej školy technickej v Košiciach 1984
|d Bratislava : Alfa, 1984
|g S. 11-17
|
| 850 |
|
|
|a Slovenská národná knižnica v Martine
|a MTA001
|
| 852 |
|
|
|a SNK
|b KIS3GCP
|
| 958 |
|
|
|a RK
|
| 992 |
|
|
|a RZB
|
| 999 |
|
|
|c 2575253
|d 2577183
|